[Event "62th POL-ch (w)"]
[Site "Warsaw POL"]
[Date "2010.01.09"]
[Round "1.1"]
[White "Rajlich, Iweta"]
[Black "Tomaszewska, Luiza"]
[Result "1-0"]
[WhiteElo "2455"]
[BlackElo "1891"]
[EventDate "2010.01.09"]
[PlyCount "101"]

1.Nf3 Nf6 2.d4 g6 3.c4 Bg7 4.Nc3 d5 5.e3 O-O 6.Be2 dxc4 7.Bxc4 c6 8.h3 b5 
9.Be2 a5 10.O-O a4 11.Ne5 Qa5 12.a3 Be6 13.Bd2 Bb3 14.Qe1 Qb6 15.Rc1 Nfd7 
16.Nxd7 Nxd7 17.Ne4 e5 18.Nc5 Nxc5 19.dxc5 Qc7 20.e4 f5 21.f3 f4 22.Bd1 
Be6 23.Bb4 Bf6 24.Qc3 Qd7 25.b3 Qd4+ 26.Qxd4 exd4 27.bxa4 d3 28.Bc3 d2 29.
Bxd2 Bc4 30.Re1 Bh4 31.Be2 Bxe1 32.Bxc4+ bxc4 33.Bxe1 Rxa4 34.Bb4 Rd8 35.
Rxc4 Rd1+ 36.Kh2 Rd3 37.Rc2 Kf7 38.h4 h6 39.Kh3 g5 40.Kg4 Kg6 41.hxg5 hxg5
42.Rc1 Ra8 43.Rh1 Rg8 44.Rh5 Kf6 45.Rh6+ Rg6 46.e5+ Kf7 47.Rh8 Re3 48.Kf5 
Kg7 49.Rd8 Re2 50.Rd7+ Kh6 51.Rd6 1-0

[Event "62th POL-ch (w)"]
[Site "Warsaw POL"]
[Date "2010.01.09"]
[Round "1.2"]
[White "Tomaszewska, Luiza"]
[Black "Rajlich, Iweta"]
[Result "0-1"]
[WhiteElo "1891"]
[BlackElo "2455"]
[EventDate "2010.01.09"]
[PlyCount "84"]

1.e4 c5 2.Nf3 e6 3.d4 cxd4 4.Nxd4 Nc6 5.c4 Bb4+ 6.Nc3 Nf6 7.Nxc6 dxc6 8.
Qxd8+ Kxd8 9.f3 e5 10.Bd2 Be6 11.a3 Bc5 12.O-O-O Kc7 13.Be2 Rad8 14.f4 
Rxd2 15.Kxd2 exf4 16.h3 Re8 17.Rde1 Be3+ 18.Kc2 Nxe4 19.Nxe4 Bf5 20.Bd3 
Bxe4 21.Bxe4 Rxe4 22.b3 Re6 23.Rhf1 Kd6 24.Rf3 Ke5 25.Rd1 Rg6 26.g4 f5 27.
gxf5 Kxf5 28.Rd7 Rg1 29.Re7 Bd4 30.Kd3 Rd1+ 31.Ke2 Rb1 32.b4 Be5 33.Rd3 
Ke4 34.Rdd7 f3+ 35.Kf2 Rb2+ 36.Kf1 g5 37.Rxb7 Kf4 38.Rbd7 h5 39.Re8 g4 40.
hxg4 hxg4 41.Rf7+ Ke4 42.Rfe7 Rb1+ 0-1

[Event "62th POL-ch (w)"]
[Site "Warsaw POL"]
[Date "2010.01.09"]
[Round "1.1"]
[White "Zakoscielna, Kinga"]
[Black "Socko, Monika"]
[Result "0-1"]
[WhiteElo "2030"]
[BlackElo "2450"]
[EventDate "2010.01.09"]
[PlyCount "54"]

1.e4 e5 2.Nf3 Nc6 3.Bb5 a6 4.Ba4 Nf6 5.O-O Be7 6.Re1 d6 7.c3 Bg4 8.h3 Bh5 
9.d3 Qd7 10.Nbd2 g5 11.Bxc6 bxc6 12.d4 Rd8 13.dxe5 dxe5 14.Nxe5 Qe6 15.Ng4
Bxg4 16.hxg4 Nxg4 17.Qe2 Bc5 18.Rf1 f5 19.b4 Rxd2 20.Qxd2 Qe5 21.Rd1 Bxf2+
22.Kf1 O-O 23.Qxg5+ Kh8 24.Bb2 Be3 25.Rd8 Bxg5 26.Rxf8+ Kg7 27.Rxf5 Ne3+ 
0-1

[Event "62th POL-ch (w)"]
[Site "Warsaw POL"]
[Date "2010.01.09"]
[Round "1.2"]
[White "Socko, Monika"]
[Black "Zakoscielna, Kinga"]
[Result "1-0"]
[WhiteElo "2450"]
[BlackElo "2030"]
[EventDate "2010.01.09"]
[PlyCount "67"]

1.d4 Nf6 2.c4 g6 3.Nc3 Bg7 4.e4 d6 5.f4 O-O 6.Nf3 Nbd7 7.Be2 c5 8.d5 a6 9.
a4 b6 10.O-O Qc7 11.Kh1 h6 12.Be3 Re8 13.Qd2 Kh7 14.Rae1 e6 15.e5 dxe5 16.
d6 Qa7 17.Nxe5 Bb7 18.Nxf7 Rf8 19.Ne5 Nxe5 20.fxe5 Nd7 21.Bg4 Nxe5 22.Bxe6
Bc6 23.b3 Rae8 24.Bd5 Qd7 25.Rxf8 Rxf8 26.Ne4 Ng4 27.h3 Nxe3 28.Bxc6 Qxc6 
29.Qxe3 Bd4 30.Qe2 Kg7 31.Qg4 Rf7 32.h4 Rf5 33.Ng3 Rf7 34.Re6 1-0

[Event "62th POL-ch (w)"]
[Site "Warsaw POL"]
[Date "2010.01.09"]
[Round "1.1"]
[White "Adamowicz, Katarzyna"]
[Black "Zawadzka, Jolanta"]
[Result "0-1"]
[WhiteElo "2125"]
[BlackElo "2391"]
[EventDate "2010.01.09"]
[PlyCount "88"]

1.e4 e5 2.Nf3 Nc6 3.Bb5 a6 4.Ba4 Nf6 5.O-O b5 6.Bb3 Bc5 7.c3 d6 8.a4 Bb7 
9.d4 Bb6 10.Bg5 h6 11.Bxf6 Qxf6 12.Bd5 O-O 13.Na3 exd4 14.cxd4 Rfb8 15.Nc2
bxa4 16.Rxa4 a5 17.Re1 Ne7 18.Bxb7 Rxb7 19.Ne3 Re8 20.Qd3 Rbb8 21.Raa1 Qe6
22.Nc4 Ng6 23.Nfd2 Qg4 24.Ne3 Nf4 25.Qc4 Qg6 26.g3 Ne6 27.Nc2 Qf6 28.Ra4 
h5 29.h4 Re7 30.Kg2 Rbe8 31.Qd5 Qg6 32.Kh2 Nf8 33.f4 Nh7 34.f5 Qh6 35.Re2 
Nf6 36.Qb7 g6 37.Ra1 gxf5 38.Rae1 fxe4 39.Nxe4 Kf8 40.Qc6 Qg6 41.Nc3 Ng4+ 
42.Kg2 Rxe2+ 43.Rxe2 Rxe2+ 44.Nxe2 Qxc2 0-1

[Event "62th POL-ch (w)"]
[Site "Warsaw POL"]
[Date "2010.01.09"]
[Round "1.1"]
[White "Gosciniak, Maria"]
[Black "Dworakowska, Joanna"]
[Result "0-1"]
[WhiteElo "2188"]
[BlackElo "2374"]
[EventDate "2010.01.09"]
[PlyCount "96"]

1.d4 Nf6 2.Bf4 c5 3.dxc5 Na6 4.Qd4 Qa5+ 5.c3 Qxc5 6.e3 g6 7.Nd2 Bg7 8.Bxa6
Qxd4 9.exd4 bxa6 10.Ngf3 d6 11.Be3 O-O 12.O-O a5 13.b3 Bd7 14.Rfc1 a4 15.
Nc4 Rfc8 16.Na5 Nd5 17.c4 Nb4 18.a3 axb3 19.Nxb3 Nd3 20.Rc2 Rab8 21.Na5 e5
22.dxe5 dxe5 23.Rd1 Ba4 24.Rcd2 Bxd1 25.Rxd1 f5 26.g3 e4 27.Nd4 Ne5 28.Ne6
Bf6 29.Bxa7 Ra8 30.Bb6 Nxc4 31.Nxc4 Rxc4 32.Nf4 Rxa3 33.Be3 Ra1 34.Rxa1 
Bxa1 35.h4 Bd4 36.Bxd4 Rxd4 37.Kf1 Rd2 38.Ke1 Ra2 39.Nd5 Kf7 40.Ne3 Ke6 
41.Ng2 h6 42.Nf4+ Kf6 43.Nd5+ Ke5 44.Nf4 g5 45.hxg5 hxg5 46.Nh3 Ra1+ 47.
Ke2 Kf6 48.f4 exf3+ 0-1

[Event "62th POL-ch (w)"]
[Site "Warsaw POL"]
[Date "2010.01.09"]
[Round "1.2"]
[White "Dworakowska, Joanna"]
[Black "Gosciniak, Maria"]
[Result "1-0"]
[WhiteElo "2374"]
[BlackElo "2188"]
[EventDate "2010.01.09"]
[PlyCount "81"]

1.e4 c6 2.d4 d5 3.Nc3 dxe4 4.Nxe4 Nf6 5.Nxf6+ gxf6 6.c3 Bf5 7.Nf3 e6 8.g3 
Qc7 9.Bg2 Nd7 10.Nh4 Bg6 11.O-O O-O-O 12.Qe2 f5 13.b4 Nf6 14.b5 c5 15.Bg5 
Be7 16.dxc5 Qxc5 17.Be3 Qc7 18.Bd4 Rhg8 19.Nxg6 Rxg6 20.a4 Bc5 21.a5 Nd5 
22.b6 axb6 23.axb6 Qxb6 24.Rfb1 Qc6 25.Bxc5 Qxc5 26.c4 Nb6 27.Rb5 Qd4 28.
Rab1 e5 29.c5 Nd5 30.Bh3 Rf6 31.Rxb7 Nc3 32.Qf3 e4 33.Bxf5+ Rd7 34.Bxd7+ 
Kd8 35.Qg4 Qxf2+ 36.Kh1 Rg6 37.Rb8+ Ke7 38.Qh4+ Rf6 39.Bh3 Nxb1 40.Rxb1 
Qxc5 41.Rb7+ 1-0

[Event "62th POL-ch (w)"]
[Site "Warsaw POL"]
[Date "2010.01.09"]
[Round "1.1"]
[White "Kulon, Klaudia"]
[Black "Majdan, Joanna"]
[Result "0-1"]
[WhiteElo "2202"]
[BlackElo "2374"]
[EventDate "2010.01.09"]
[PlyCount "68"]

1.e4 c5 2.Nf3 d6 3.d4 cxd4 4.Nxd4 Nf6 5.Nc3 a6 6.Be3 e5 7.Nb3 Be7 8.f3 O-O
9.Qd2 Be6 10.O-O-O a5 11.Qe1 Qc8 12.a4 Nc6 13.g4 Nb4 14.g5 Ne8 15.Kb1 Nc7 
16.f4 d5 17.f5 d4 18.fxe6 Nxe6 19.Bxd4 exd4 20.Nxd4 Nxd4 21.Rxd4 Bxg5 22.
Qg3 Be7 23.Bb5 Qe6 24.Rd7 Rac8 25.Nd5 Nxd5 26.exd5 Qe4 27.Rc1 Bf6 28.Qb3 
Rfd8 29.Rd1 Rxd7 30.Bxd7 Rc4 31.Bf5 Qe5 32.Rd3 g6 33.d6 Rb4 34.Re3 Qxf5 
0-1

[Event "62th POL-ch (w)"]
[Site "Warsaw POL"]
[Date "2010.01.09"]
[Round "1.2"]
[White "Majdan, Joanna"]
[Black "Kulon, Klaudia"]
[Result "1/2-1/2"]
[WhiteElo "2374"]
[BlackElo "2202"]
[EventDate "2010.01.09"]
[PlyCount "45"]

1.e4 c5 2.Nf3 d6 3.d4 Nf6 4.Nc3 cxd4 5.Nxd4 Nc6 6.Bg5 e6 7.Qd2 Be7 8.O-O-O
a6 9.Kb1 Bd7 10.f3 Qc7 11.g4 Ne5 12.Bxf6 gxf6 13.f4 Nc4 14.Bxc4 Qxc4 15.f5
O-O-O 16.Rhg1 Rdg8 17.Rg3 Kb8 18.Nd5 exd5 19.Rc3 Qa4 20.Ra3 Qc4 21.Rc3 Qa4
22.Ra3 Qc4 23.Rc3 1/2-1/2

[Event "62th POL-ch (w)"]
[Site "Warsaw POL"]
[Date "2010.01.09"]
[Round "1.1"]
[White "Worek, Joanna"]
[Black "Kadziolka, Beata"]
[Result "0-1"]
[WhiteElo "2226"]
[BlackElo "2328"]
[EventDate "2010.01.09"]
[PlyCount "76"]

1.e4 c5 2.Nf3 d6 3.d4 cxd4 4.Nxd4 Nf6 5.Nc3 g6 6.Bc4 Bg7 7.Be3 O-O 8.f3 
Nc6 9.Qd2 Bd7 10.g4 Rc8 11.Bb3 Ne5 12.O-O-O b5 13.g5 b4 14.Nce2 Nh5 15.Ng3
a5 16.Nxh5 gxh5 17.f4 a4 18.fxe5 axb3 19.Nxb3 Bxe5 20.Qxb4 Qc7 21.Qd2 Qc6 
22.Kb1 Qxe4 23.Rhf1 Bf5 24.Rxf5 Qxf5 25.Qe2 Qe4 26.Qf2 Rc4 27.Nc1 Rfc8 28.
Rd2 Qb7 29.b3 Rc3 30.Bd4 Bxd4 31.Qxd4 Qc6 32.Qf2 Qh1 33.Qa7 R8c7 34.Qb8+ 
Rc8 35.Qa7 R8c7 36.Qb8+ Kg7 37.Kb2 Qe1 38.Re2 Qd1 0-1

[Event "62th POL-ch (w)"]
[Site "Warsaw POL"]
[Date "2010.01.09"]
[Round "1.2"]
[White "Kadziolka, Beata"]
[Black "Worek, Joanna"]
[Result "0-1"]
[WhiteElo "2328"]
[BlackElo "2226"]
[EventDate "2010.01.09"]
[PlyCount "76"]

1.d4 Nf6 2.c4 e6 3.Nc3 Bb4 4.Qc2 O-O 5.e4 c5 6.e5 Ne8 7.a3 Bxc3+ 8.bxc3 d6
9.Nf3 Nc6 10.exd6 Qxd6 11.dxc5 Qc7 12.Be2 e5 13.O-O f5 14.Re1 Nf6 15.a4 
Bd7 16.Ba3 Rae8 17.Rad1 Bc8 18.Rd6 a6 19.Bf1 Ne4 20.Rdd1 Qa5 21.Re3 Nf6 
22.Ree1 Rf7 23.Rd5 e4 24.Ng5 Rfe7 25.Rd6 f4 26.f3 e3 27.Bd3 h6 28.Bg6 hxg5
29.Rxf6 gxf6 30.Bxe8 Ne5 31.Bg6 Rd7 32.c6 bxc6 33.Bb4 Qd8 34.h3 Rd2 35.Qb1
Bxh3 36.Bh7+ Kh8 37.Bf5 Rxg2+ 38.Kh1 Nxf3 0-1

[Event "62th POL-ch (w)"]
[Site "Warsaw POL"]
[Date "2010.01.10"]
[Round "1.3"]
[White "Kadziolka, Beata"]
[Black "Worek, Joanna"]
[Result "1-0"]
[WhiteElo "2328"]
[BlackElo "2226"]
[EventDate "2010.01.09"]
[PlyCount "99"]

1.e4 c5 2.Nc3 e6 3.Nf3 Nf6 4.d4 cxd4 5.Nxd4 d6 6.g4 e5 7.Bb5+ Bd7 8.Bxd7+ 
Qxd7 9.Nf5 h5 10.f3 hxg4 11.fxg4 Qc6 12.Qf3 Nbd7 13.Bg5 b5 14.O-O-O Rc8 
15.Bxf6 Nxf6 16.g5 b4 17.gxf6 gxf6 18.Rd3 bxc3 19.Rxc3 Qd7 20.Rxc8+ Qxc8 
21.Nxd6+ Bxd6 22.Qxf6 Qh3 23.Qxd6 Qh6+ 24.Qxh6 Rxh6 25.Kd2 Rh3 26.c4 Ke7 
27.Re1 Rxh2+ 28.Re2 Rh1 29.Kc3 a5 30.a3 Rh3+ 31.Kc2 Kd6 32.Rd2+ Kc5 33.
Rd5+ Kxc4 34.Rxe5 Rh2+ 35.Kb1 Kd3 36.Re7 f6 37.Re6 Re2 38.Rxf6 Rxe4 39.Rf5
a4 40.Ka2 Rd4 41.Ra5 Kc2 42.Rb5 Kc1 43.Rb4 Rd2 44.Ka1 Rc2 45.Rxa4 Rxb2 46.
Rc4+ Rc2 47.Rxc2+ Kxc2 48.a4 Kd3 49.a5 Kd4 50.a6 1-0

[Event "62th POL-ch (w)"]
[Site "Warsaw POL"]
[Date "2010.01.10"]
[Round "1.4"]
[White "Worek, Joanna"]
[Black "Kadziolka, Beata"]
[Result "0-1"]
[WhiteElo "2226"]
[BlackElo "2328"]
[EventDate "2010.01.09"]
[PlyCount "81"]

1.d4 g6 2.c4 Bg7 3.Nf3 c5 4.d5 d6 5.g3 e6 6.Bg2 exd5 7.cxd5 a6 8.a4 Nh6 9.
O-O O-O 10.Nc3 f6 11.Rb1 Nd7 12.b4 f5 13.Bd2 Nf7 14.Qb3 b6 15.Rfd1 Nf6 16.
Ng5 Nxg5 17.Bxg5 h6 18.Be3 Kh8 19.bxc5 bxc5 20.Qb6 Qe7 21.Qb3 Ra7 22.Qc2 
g5 23.Rb6 Nd7 24.Rb3 Ne5 25.a5 f4 26.Bc1 f3 27.exf3 Nxf3+ 28.Bxf3 Rxf3 29.
Rb8 Rf8 30.Rxc8 Rxc8 31.Na4 Rf8 32.Be3 Rb7 33.Nb6 Qf6 34.Qd3 Re7 35.Rf1 
Qc3 36.Qe2 Qxa5 37.Nc4 Qd8 38.Qh5 Re4 39.Rc1 Qf6 40.Rc2 a5 41.Qe2 0-1

[Event "62th POL-ch (w)"]
[Site "Warsaw POL"]
[Date "2010.01.09"]
[Round "1.1"]
[White "Toma, Katarzyna"]
[Black "Szczepkowska-Horowska, Karina"]
[Result "1-0"]
[WhiteElo "2234"]
[BlackElo "2322"]
[EventDate "2010.01.09"]
[PlyCount "65"]

1.e4 e5 2.Nf3 Nc6 3.d4 exd4 4.Nxd4 Nf6 5.Nxc6 bxc6 6.e5 Qe7 7.Qe2 Nd5 8.g3
g5 9.Bg2 a5 10.O-O Ba6 11.c4 Bg7 12.Re1 h6 13.b3 O-O 14.Qd2 Nb6 15.Ba3 d6 
16.Bxc6 Rad8 17.Nc3 Kh8 18.exd6 Qf6 19.Ne4 Qg6 20.Qxa5 f5 21.dxc7 Qxc6 22.
cxd8=Q Rxd8 23.Rad1 Rxd1 24.Rxd1 Bc8 25.Nd6 Qf3 26.Qd2 Bd7 27.Qd3 Qg4 28.
f3 Qh3 29.c5 f4 30.Ne4 fxg3 31.Nxg3 Be5 32.cxb6 Bxg3 33.Bb2+ 1-0

[Event "62th POL-ch (w)"]
[Site "Warsaw POL"]
[Date "2010.01.09"]
[Round "1.2"]
[White "Szczepkowska-Horowska, Karina"]
[Black "Toma, Katarzyna"]
[Result "0-1"]
[WhiteElo "2322"]
[BlackElo "2234"]
[EventDate "2010.01.09"]
[PlyCount "86"]

1.e4 c5 2.Nf3 d6 3.d4 Nf6 4.Nc3 cxd4 5.Nxd4 g6 6.Be2 Bg7 7.Be3 Nc6 8.Nb3 
O-O 9.O-O Be6 10.f4 Qc8 11.Kh1 Rd8 12.Bf3 Bc4 13.Rf2 e5 14.Rd2 exf4 15.
Bxf4 Ne5 16.Na5 Ba6 17.Be2 Bxe2 18.Qxe2 b6 19.Bxe5 dxe5 20.Rxd8+ Qxd8 21.
Rd1 Qe7 22.Nc4 Rc8 23.Nd5 Nxd5 24.exd5 Rd8 25.a4 f5 26.Na3 e4 27.Nb5 Qe5 
28.Nxa7 Qxb2 29.d6 Qc3 30.Nb5 Qc6 31.Qd2 Bf6 32.c3 Rd7 33.Qa2+ Kg7 34.Qd2 
Qc4 35.Nc7 Be5 36.h4 f4 37.Nb5 e3 38.Qe1 Qxa4 39.Qe2 f3 40.gxf3 Qxh4+ 41.
Kg1 Qg3+ 42.Kf1 Rf7 43.Qg2 e2+ 0-1

[Event "62th POL-ch (w)"]
[Site "Warsaw POL"]
[Date "2010.01.09"]
[Round "1.1"]
[White "Matras-Clement, Agnieszka"]
[Black "Przezdziecka, Marta"]
[Result "1-0"]
[WhiteElo "2251"]
[BlackElo "2265"]
[EventDate "2010.01.09"]
[PlyCount "157"]

1.e4 c5 2.c3 g6 3.d4 cxd4 4.cxd4 d5 5.exd5 Nf6 6.Bb5+ Nbd7 7.Nc3 Bg7 8.Nf3
O-O 9.Bf4 Nb6 10.d6 exd6 11.O-O Be6 12.Re1 Rc8 13.Qd2 Nbd5 14.Nxd5 Bxd5 
15.Qd3 Qb6 16.Nd2 Rfd8 17.Bc4 h6 18.b3 a6 19.Rad1 Qb4 20.Qh3 g5 21.Be3 b5 
22.Bxd5 Nxd5 23.Ne4 Nf6 24.Nxf6+ Bxf6 25.Qf5 Bg7 26.h4 gxh4 27.Qh5 Re8 28.
a3 Qxb3 29.Bxh6 Re6 30.Qg4 Rxh6 31.Qxc8+ Kh7 32.Qf5+ Rg6 33.Rd3 Qa2 34.Rh3
Bf6 35.Re8 Kg7 36.Qh5 Rh6 37.Qd1 Qd5 38.Qd3 Rg6 39.Qe4 Qxd4 40.Qxd4 Bxd4 
41.Rxh4 Bc5 42.Rh3 Rf6 43.Rg3+ Kh7 44.Re2 Rf4 45.Rb2 b4 46.axb4 Bxb4 47.
Rbb3 Bc5 48.Rbf3 Rxf3 49.Rxf3 Kg6 50.Rf4 a5 51.Kf1 f6 52.Ke2 Kg5 53.g3 Kg6
54.Kd3 a4 55.f3 a3 56.Ra4 f5 57.Ke2 Kg5 58.g4 Kg6 59.Kf1 Kg5 60.Kg2 fxg4 
61.fxg4 Kh4 62.Kf3 Kg5 63.Kg3 Kg6 64.Kf4 Kf6 65.g5+ Kg6 66.Re4 d5 67.Re6+ 
Kf7 68.Ra6 d4 69.Ke4 Kg7 70.Ra5 Bb4 71.Ra4 Bc5 72.Rc4 Be7 73.Rc7 Kf8 74.g6
Bd6 75.Rd7 Bc5 76.g7+ Kg8 77.Kf5 Kh7 78.Kf6 a2 79.Kf7 1-0

[Event "62th POL-ch (w)"]
[Site "Warsaw POL"]
[Date "2010.01.09"]
[Round "1.2"]
[White "Przezdziecka, Marta"]
[Black "Matras-Clement, Agnieszka"]
[Result "1-0"]
[WhiteElo "2265"]
[BlackElo "2251"]
[EventDate "2010.01.09"]
[PlyCount "127"]

1.Nf3 d5 2.c4 c6 3.e3 Nf6 4.Nc3 e6 5.d4 Nbd7 6.Bd3 Bd6 7.O-O O-O 8.e4 dxe4
9.Nxe4 Nxe4 10.Bxe4 e5 11.dxe5 Nxe5 12.Nxe5 Bxe5 13.Bxh7+ Kxh7 14.Qh5+ Kg8
15.Qxe5 Re8 16.Qc3 Bf5 17.Be3 Re6 18.Rad1 Qh4 19.Rd4 Qh5 20.Bf4 Rae8 21.
Bg3 Re2 22.h3 Rc2 23.Qb4 Qe2 24.Rfd1 Rxb2 25.Qa5 Bc2 26.Rc1 Bd3 27.Qc3 Rb1
28.Rxb1 Bxb1 29.Kh2 Bg6 30.Qb3 Qf1 31.Rd1 Qe2 32.Rd6 Qf1 33.Rd1 Qe2 34.Rd4
Qf1 35.Qxb7 c5 36.Rf4 Qb1 37.Rxf7 Qxb7 38.Rxb7 a6 39.Rc7 Re2 40.a3 Ra2 41.
Rxc5 Rxa3 42.Rc7 Bf7 43.c5 Rc3 44.c6 Bd5 45.Rxg7+ Kxg7 46.Be5+ Kg6 47.Bxc3
Bxc6 48.g4 Bf3 49.Kg3 Be2 50.f4 Bd3 51.h4 Bc2 52.f5+ Kh6 53.Bd2+ Kg7 54.
Kf4 Bd1 55.Kg5 Be2 56.Bc3+ Kh7 57.Kf4 Kh6 58.Bb4 Bd1 59.Bf8+ Kh7 60.g5 Bh5
61.g6+ Kg8 62.Bb4 Be2 63.Kg5 Bc4 64.h5 1-0

[Event "62th POL-ch (w)"]
[Site "Warsaw POL"]
[Date "2010.01.10"]
[Round "1.3"]
[White "Przezdziecka, Marta"]
[Black "Matras-Clement, Agnieszka"]
[Result "1-0"]
[WhiteElo "2265"]
[BlackElo "2251"]
[EventDate "2010.01.09"]
[PlyCount "81"]

1.Nf3 d5 2.c4 c6 3.e3 Nf6 4.Nc3 Bf5 5.cxd5 cxd5 6.Qb3 Bc8 7.Bb5+ Nc6 8.Ne5
Bd7 9.d4 e6 10.O-O Be7 11.f4 O-O 12.Bd2 a6 13.Bd3 Na5 14.Qd1 b5 15.b3 b4 
16.Nxd7 Qxd7 17.Na4 Qb7 18.Rc1 Rac8 19.Qe2 Rxc1 20.Rxc1 Ra8 21.Be1 Ne4 22.
Qc2 Bd6 23.Bxe4 dxe4 24.Nc5 Qb5 25.Nxe4 Bf8 26.Ng5 g6 27.Qc7 Qf5 28.Nxf7 
Nxb3 29.Ng5 Bg7 30.axb3 h6 31.Nf3 a5 32.Qb7 Rd8 33.Rc7 Bf8 34.h3 Qd3 35.
Bf2 Qxb3 36.Qe4 Be7 37.Rxe7 Kf8 38.Rxe6 Qd5 39.Qxg6 b3 40.Rf6+ Ke7 41.Qg7+
1-0

[Event "62th POL-ch (w)"]
[Site "Warsaw POL"]
[Date "2010.01.10"]
[Round "1.4"]
[White "Matras-Clement, Agnieszka"]
[Black "Przezdziecka, Marta"]
[Result "1/2-1/2"]
[WhiteElo "2251"]
[BlackElo "2265"]
[EventDate "2010.01.09"]
[PlyCount "87"]

1.e4 c5 2.c3 g6 3.d4 cxd4 4.cxd4 d5 5.exd5 Nf6 6.Nc3 Bg7 7.Bb5+ Nbd7 8.d6 
exd6 9.Nge2 O-O 10.O-O a6 11.Ba4 b5 12.Bb3 Bb7 13.Nf4 Nb6 14.Be3 b4 15.
Nce2 Nbd5 16.Nxd5 Nxd5 17.Qd2 Nxe3 18.fxe3 Qg5 19.Nf4 a5 20.Rac1 a4 21.Bd1
Qa5 22.Nd3 Ba6 23.Rf3 Bxd3 24.Qxd3 Rac8 25.Qd2 d5 26.Rf2 Bh6 27.Rf3 Rfe8 
28.Rxc8 Rxc8 29.a3 Rb8 30.Rh3 Bf8 31.Bc2 Qb5 32.e4 bxa3 33.bxa3 dxe4 34.
Bxe4 Qb2 35.Qxb2 Rxb2 36.Bd5 Rd2 37.Rf3 Rxd4 38.Bxf7+ Kg7 39.Be8 Bc5 40.
Kf1 Bd6 41.Ke2 Re4+ 42.Re3 Rxe3+ 43.Kxe3 Bxa3 44.Bxa4 1/2-1/2

[Event "62th POL-ch (w)"]
[Site "Warsaw POL"]
[Date "2010.01.11"]
[Round "2.1"]
[White "Przezdziecka, Marta"]
[Black "Rajlich, Iweta"]
[Result "0-1"]
[WhiteElo "2265"]
[BlackElo "2455"]
[EventDate "2010.01.09"]
[PlyCount "130"]

1.Nf3 Nf6 2.c4 g6 3.Nc3 d5 4.cxd5 Nxd5 5.g3 Bg7 6.Bg2 Nb6 7.O-O e5 8.d3 
O-O 9.Be3 Bg4 10.Rc1 Nc6 11.h3 Bd7 12.Ne4 Nd5 13.Bg5 Qc8 14.Qb3 Be6 15.Nc5
Nf4 16.Qd1 Nxg2 17.Nxe6 Qxe6 18.Kxg2 Qxa2 19.Qd2 Qd5 20.Rc4 f5 21.Rfc1 Rf7
22.Rc5 Qd6 23.Qc2 h6 24.Bd2 Qe6 25.Qc4 Qxc4 26.R5xc4 Re8 27.b4 e4 28.Ne1 
exd3 29.exd3 Re2 30.Nf3 a6 31.Kf1 Re6 32.Be3 Rd7 33.d4 g5 34.Kg2 Bf8 35.
Ne5 Nxe5 36.dxe5 c6 37.f4 Rd3 38.Kf2 Re8 39.Ke2 Rb3 40.Rf1 gxf4 41.gxf4 
Rd8 42.e6 Re8 43.Rg1+ Kh7 44.Bd4 Rxe6+ 45.Be5 Rg6 46.Rd1 Rg2+ 47.Kf1 Ra2 
48.Rc3 Rxc3 49.Bxc3 Rc2 50.Be1 Kg6 51.Rd7 b5 52.Ra7 Rc4 53.Rxa6 Bxb4 54.
Bxb4 Rxf4+ 55.Kg2 Rxb4 56.Rxc6+ Kg5 57.Kf3 Rb3+ 58.Kg2 h5 59.Rd6 h4 60.Rd5
b4 61.Rd4 Rg3+ 62.Kh2 b3 63.Rb4 Rd3 64.Kg2 Rd2+ 65.Kf3 Rh2 0-1

[Event "62th POL-ch (w)"]
[Site "Warsaw POL"]
[Date "2010.01.12"]
[Round "2.2"]
[White "Rajlich, Iweta"]
[Black "Przezdziecka, Marta"]
[Result "1-0"]
[WhiteElo "2455"]
[BlackElo "2265"]
[EventDate "2010.01.09"]
[PlyCount "71"]

1.d4 f5 2.Nc3 d5 3.Bf4 a6 4.g3 Nf6 5.Bg2 e6 6.Nf3 Be7 7.O-O O-O 8.a4 b6 9.
a5 b5 10.Na2 Nc6 11.Nc1 Ne4 12.Nd3 Bd7 13.Nfe5 Nxe5 14.Bxe5 b4 15.f3 Nd6 
16.Bxd6 Bxd6 17.Qd2 Rb8 18.e4 Bb5 19.exf5 exf5 20.f4 c6 21.Rfe1 b3 22.c3 
Re8 23.Rxe8+ Qxe8 24.Re1 Qd8 25.Qe3 Qf8 26.Qe6+ Kh8 27.Ne5 Bxe5 28.Rxe5 g6
29.Bf1 c5 30.Bxb5 axb5 31.Qxd5 c4 32.a6 Kg7 33.a7 Ra8 34.Qb7+ Kh6 35.Re7 
Qg8 36.Qg2 1-0

[Event "62th POL-ch (w)"]
[Site "Warsaw POL"]
[Date "2010.01.11"]
[Round "2.1"]
[White "Toma, Katarzyna"]
[Black "Socko, Monika"]
[Result "0-1"]
[WhiteElo "2234"]
[BlackElo "2450"]
[EventDate "2010.01.09"]
[PlyCount "168"]

1.e4 e6 2.d4 d5 3.Nc3 Bb4 4.e5 Ne7 5.Bd2 b6 6.a3 Bxc3 7.Bxc3 Ba6 8.Bxa6 
Nxa6 9.Qd3 Nb8 10.h4 c5 11.h5 h6 12.Ne2 Nbc6 13.g4 Qc7 14.f4 Rc8 15.O-O-O 
cxd4 16.Bxd4 Nxd4 17.Nxd4 Qc4 18.Qf3 Nc6 19.Nxc6 Rxc6 20.c3 O-O 21.Kb1 Qa4
22.g5 Rc4 23.Rhf1 hxg5 24.fxg5 Rg4 25.Rd4 Rxd4 26.cxd4 Qxd4 27.Qg3 Qe4+ 
28.Ka1 d4 29.h6 d3 30.hxg7 Kxg7 31.Qh2 Rh8 32.Rxf7+ Kxf7 33.Qxh8 Qf5 34.
Qd8 Qxe5 35.Qxd3 Qxg5 36.Qh7+ Qg7 37.Qh5+ Ke7 38.Qh4+ Ke8 39.Qh5+ Kd8 40.
Qh4+ Qe7 41.Qd4+ Kc7 42.Qc4+ Kb8 43.a4 Qd6 44.Qg4 Kb7 45.Ka2 Qd5+ 46.Ka3 
a5 47.Qg7+ Kc6 48.Qg8 Qd6+ 49.Ka2 Kc5 50.Qc8+ Kd5 51.Qg8 Qc5 52.b3 Qc7 53.
Qg2+ Kd6 54.Qd2+ Kc6 55.Qc2+ Kb7 56.Qe4+ Qc6 57.Qh7+ Kb8 58.Qh8+ Ka7 59.
Qh7+ Qb7 60.Qh5 Qg2+ 61.Ka3 Qg7 62.Ka2 e5 63.Qe2 Qf6 64.Qe4 Qf2+ 65.Kb1 
Qg1+ 66.Ka2 Qd4 67.Qh7+ Kb8 68.Qh8+ Kc7 69.Qg7+ Kc6 70.Qf6+ Kd5 71.Qf7+ 
Ke4 72.Qg6+ Kf4 73.Qh6+ Kf3 74.Qh3+ Ke2 75.Qh2+ Kd3 76.Qh3+ Qe3 77.Qd7+ 
Kc2 78.Qc6+ Kd1 79.Qh1+ Qe1 80.Qh8 Qd2+ 81.Ka3 e4 82.Qh1+ Qe1 83.Qh5+ Kc1 
84.Qh6+ Kb1 0-1

[Event "62th POL-ch (w)"]
[Site "Warsaw POL"]
[Date "2010.01.12"]
[Round "2.2"]
[White "Socko, Monika"]
[Black "Toma, Katarzyna"]
[Result "1/2-1/2"]
[WhiteElo "2450"]
[BlackElo "2234"]
[EventDate "2010.01.09"]
[PlyCount "60"]

1.Nf3 Nf6 2.c4 g6 3.Nc3 d5 4.cxd5 Nxd5 5.Qa4+ Bd7 6.Qc2 Nb4 7.Qb3 c5 8.Ne4
Qb6 9.Qc3 f6 10.Nxc5 e5 11.Nxd7 Nxd7 12.a3 Nc6 13.e3 e4 14.Nd4 Nxd4 15.
Qxd4 Qxd4 16.exd4 f5 17.d3 exd3 18.Bxd3 Bg7 19.O-O O-O 20.Bf4 Bxd4 21.Rad1
Be5 22.Bc4+ Kh8 23.Rxd7 Bxf4 24.Rxb7 Rfb8 25.Rxb8+ Rxb8 26.b3 Bd6 27.a4 
Bb4 28.Rd1 Re8 29.Kf1 a5 30.g3 Kg7 1/2-1/2

[Event "62th POL-ch (w)"]
[Site "Warsaw POL"]
[Date "2010.01.11"]
[Round "2.1"]
[White "Zawadzka, Jolanta"]
[Black "Kadziolka, Beata"]
[Result "1-0"]
[WhiteElo "2391"]
[BlackElo "2328"]
[EventDate "2010.01.09"]
[PlyCount "81"]

1.e4 c5 2.Nf3 g6 3.d4 Bg7 4.d5 d6 5.Nc3 Nf6 6.Bc4 O-O 7.O-O Bg4 8.h3 Bxf3 
9.Qxf3 Nbd7 10.Qe2 Nb6 11.a4 Nxc4 12.Qxc4 Rb8 13.Bd2 Ne8 14.Ra3 Nc7 15.Rb3
Qd7 16.Nb5 a6 17.Nxc7 Qxc7 18.f4 b5 19.axb5 axb5 20.Rxb5 Rxb5 21.Qxb5 Rb8 
22.Qa4 Bd4+ 23.Kh1 Rxb2 24.e5 Qb8 25.Qc4 dxe5 26.fxe5 Rb1 27.e6 Rxf1+ 28.
Qxf1 fxe6 29.dxe6 Qf8 30.Qxf8+ Kxf8 31.g4 Ke8 32.Kg2 Kd8 33.Bf4 Kc8 34.c4 
h5 35.gxh5 gxh5 36.Kf3 Kd8 37.Ke4 Ke8 38.Kf5 h4 39.Bg5 Bf2 40.Kg4 Kf8 41.
Bxh4 1-0

[Event "62th POL-ch (w)"]
[Site "Warsaw POL"]
[Date "2010.01.12"]
[Round "2.2"]
[White "Kadziolka, Beata"]
[Black "Zawadzka, Jolanta"]
[Result "0-1"]
[WhiteElo "2328"]
[BlackElo "2391"]
[EventDate "2010.01.09"]
[PlyCount "52"]

1.c4 e6 2.Nf3 d5 3.d4 c6 4.e3 Nf6 5.Bd3 Nbd7 6.b3 Bd6 7.Bb2 O-O 8.Nbd2 b6 
9.Ne5 Bb7 10.O-O c5 11.Qc2 cxd4 12.exd4 Rc8 13.f4 g6 14.Rae1 Nh5 15.Qd1 
dxc4 16.bxc4 Nxf4 17.Nxd7 Qxd7 18.Ne4 Bxe4 19.Rxe4 Nxd3 20.Qxd3 Qc7 21.Rh4
Qxc4 22.Qe3 f5 23.Qh6 Qc7 24.Kh1 Rfe8 25.Rh3 Bf8 26.Qh4 Qe7 0-1

[Event "62th POL-ch (w)"]
[Site "Warsaw POL"]
[Date "2010.01.11"]
[Round "2.1"]
[White "Majdan, Joanna"]
[Black "Dworakowska, Joanna"]
[Result "1-0"]
[WhiteElo "2374"]
[BlackElo "2374"]
[EventDate "2010.01.09"]
[PlyCount "79"]

1.e4 c5 2.Nf3 d6 3.d4 cxd4 4.Nxd4 Nf6 5.Nc3 Nc6 6.Bg5 e6 7.Qd3 a6 8.O-O-O 
Bd7 9.Be2 Qa5 10.Qg3 Be7 11.Kb1 Nxd4 12.Rxd4 Rc8 13.Bd2 Qc7 14.f4 O-O 15.
e5 Ne8 16.Bd3 f5 17.exf6 Bxf6 18.Rc4 Qb6 19.Rxc8 Bxc8 20.Re1 d5 21.Qf3 Nd6
22.g4 g6 23.f5 Bg7 24.Qg2 gxf5 25.gxf5 Nxf5 26.Rg1 Qc7 27.Ne2 Rf7 28.Bc3 
Kf8 29.Bxf5 exf5 30.Qxd5 Bxc3 31.Nxc3 f4 32.Qg5 Be6 33.Rd1 Bd7 34.Nd5 Qc6 
35.Rg1 Ke8 36.Qg8+ Rf8 37.Re1+ Be6 38.Rxe6+ Kd7 39.Re7+ Kd6 40.Qxf8 1-0